000 00382nam a2200145Ia 4500
008 230917s9999||||xx |||||||||||||| ||und||
040 _e54451
_aMAIN
041 _aEnglish
082 _a940.284 A36S
100 _aAbendrath, Wolfgang
245 0 _aShort history of the European working class
260 _aNew York
_bMonthly Review Press
_c1973
300 _a204 p.
942 _cBK
999 _c197090
_d197090